LEADER 01156nam0-2200361li-450 001 990000244600203316 005 20180312154630.0 010 $a90-5702-574-4 035 $a0024460 035 $aUSA010024460 035 $a(ALEPH)000024460USA01 035 $a0024460 100 $a20001109d1998----km-y0itay0103----ba 101 0 $aeng 102 $aAT 200 1 $aBeam Dynamics$ea new attitude and framework$fEtienne Forest, Ernest Orlando Lawrence 210 $aAustralia [etc.]$cHarwood Academic Publishers$dcopyr. 1998 215 $aXXX, 463 p.$cill.$d23 cm (The physics and technology of particle and photon Beams$d8) 610 1 $aacceleratori di particelle 676 $a53973$9. 700 1$aForest,$bEtienne$0746327 702 1$aLawrence,$bErnest Orlando 801 $aSistema bibliotecario di Ateneo dell' Università di Salerno$gRICA 912 $a990000244600203316 951 $a539.73 FOR$b0023021 959 $aBK 969 $aSCI 979 $c19990114 979 $c20001110$lUSA01$h1715 979 $c20020403$lUSA01$h1632 979 $aPATRY$b90$c20040406$lUSA01$h1618 996 $aBeam Dynamics$91489485 997 $aUNISA LEADER 01927nam0 22004573i 450 001 CAG2090515 005 20251003044104.0 010 $a9788833190532 100 $a20220112d2019 ||||0itac50 ba 101 | $aita 102 $ait 181 1$6z01$ai $bxxxe 182 1$6z01$an 183 1$6z01$anc$2RDAcarrier 200 1 $aFondamenti di anatomia e fisiologia$fFrederic H. Martini, Judi L. Nath, Edwin F. Bartholomew$gWilliam C. Ober ... [et al] 205 $a4. edizione italiana dell'11. edizione in inglese 210 $aNapoli$cEdiSES Università$d2019 215 $aXXXVIII, 1143, [106] p.$dill. color. ; 29 cm. 500 10$aFundamentals of anatomy and physiology$3PUV0383814$9PUVV124125$91752709 606 $aAnatomia$2FIR$3CFIC002159$9E 606 $aFisiologia$2FIR$3CFIC004299$9E 676 $a612$9Fisiologia umana$v23 686 $aQS 39$c$2C 696 $aAnatomia umana 696 $aFisiologia umana$aFisiologia generale$aAspetti fisiologici 699 $aAnatomia$yAnatomia umana 699 $aFisiologia$yFisiologia umana 699 $aFisiologia$yFisiologia generale 699 $aFisiologia$zAspetti fisiologici 700 1$aMartini$b, Frederic H.$f <1947 >$3PUVV124125$4070$0747765 701 1$aBartholomew$b, Edwin F.$3MODV589079$4070$0786896 701 1$aNath$b, Judi L.$3RMLV077117$4070$0721759 702 1$aOber$b, William C.$3UFIV121860$4440 801 3$aIT$bIT-000000$c20220112 850 $aIT-BN0095 901 $bNAP 01$cBCA $nComprende monografie e periodici di diritto, testi di ingegneria, di scienze e tecnologia di nuova acquisizione. 912 $aCAG2090515 950 0$aBiblioteca Centralizzata di Ateneo$c1 v.$d 01BCA SC. TECNOL 283$e 01 0000123855 VMA 1 v.$fY $h20230807$i20230807 977 $a 01 996 $aFundamentals of anatomy and physiology$91752709 997 $aUNISANNIO